Claude Lévi-Strauss
Saved in:
| Main Author: | |
|---|---|
| Format: | Book |
| Language: | English |
| Published: |
Boston :
Twayne,
c1987
|
| Series: | Twayne's world authors series. French literature ;
; TWAS 792 |
| Subjects: | |
| Tags: |
Add Tag
No Tags, Be the first to tag this record!
|
MARC
| LEADER | 00000nam a2200000 i 4500 | ||
|---|---|---|---|
| 001 | 1/93395 | ||
| 008 | 940516s1987 eng d | ||
| 020 | |a 0-8057-6646-4 | ||
| 035 | |l 10008816 | ||
| 040 | |a GR-MY-UA |b gre |e aacr | ||
| 041 | 0 | |a eng | |
| 082 | 0 | |a 302.20924 | |
| 100 | 1 | |a Champagne, Roland A. | |
| 245 | 1 | 0 | |a Claude Lévi-Strauss / |c Roland A. Champagne |
| 260 | |a Boston : |b Twayne, |c c1987 | ||
| 300 | |a 124 p. | ||
| 490 | 1 | |a Twayne's world authors series. French literature |v ; TWAS 792 | |
| 500 | |a Selected bibliography: p.116-119. Includes notes and references and index | ||
| 600 | 1 | 0 | |a Lévi-Strauss, Claude. |
| 650 | 0 | 0 | |a Semiotics. |
| 650 | 0 | 0 | |a Structural anthropology. |
| 830 | 0 | |a Twayne's world authors series. French literature ; |v ; TWAS 792 | |
| 852 | |a INST |b LESVOS |e 19940516 |h 302.20924 CHA |p 005100006913 |q 005100006913 |t BK |y 0 | ||
| 909 | |a Λ |b 035022 | ||